Introducción a la ética cristiana: en el horizonte del Nuevo Testamento

Збережено в:
Бібліографічні деталі
Автор: Mingo Kaminouchi, Alberto de (autor)
Формат: Книга
Мова:Іспанська
Опубліковано: Salamanca Sígueme 2015
Редагування:1a. ed
Серія:Lux Mundi, 96
Предмети:
Теги: Додати тег
Немає тегів, Будьте першим, хто поставить тег для цього запису!

MARC

LEADER 00000cam a2200000 a 4500
001 UCD4343
003 CL-VaPUC
008 160708e20150000sp |||||||||||||||||spa|d
020 |a 9788430118984 
082 0 4 |a 170  |b MIN  |2 21 
100 |a Mingo Kaminouchi, Alberto de  |e autor  |9 588024 
245 1 0 |a Introducción a la ética cristiana: en el horizonte del Nuevo Testamento 
250 |a 1a. ed 
300 |a 222 p 
942 |c BK 
945 |d 20160708 23:22:00  |a dcastane 
260 |a Salamanca  |b Sígueme  |c 2015 
650 0 |a Ética cristiana   |9 308677 
650 0 |a Valores morales   |9 310604 
583 |a last modification  |c 20160708 23:22:00  |k Rodrigo Vera 
490 0 |a Lux Mundi, 96 
999 |c 365265  |d 365263 
952 |0 0  |1 0  |3 erb  |4 0  |6 170_000000000000000_MIN_2015  |7 0  |8 A  |9 479057  |a BIBTEO  |b BIBTEO  |i 5296390  |l 1  |m 10  |o 170 MIN 2015  |p 5296390  |q 2024-07-31  |r 2023-05-29  |s 2023-05-29  |w 2019-11-24  |y BK  |z Catalogado en:20160708  |k ICR